| 000 | 00934nam a2200289 a 4500 | ||
|---|---|---|---|
| 001 | 24759 | ||
| 003 | CO-ViMGA | ||
| 005 | 20230915232017.0 | ||
| 008 | 141112s2004 ck r 000 u spa d | ||
| 015 | _ack - 2001 - xxxx | ||
| 035 | _aAHK8687 LA | ||
| 040 |
_aCO-ViMGA _bspa _cCO-ViMGA |
||
| 041 | _aspa | ||
| 043 | _as - ck - - | ||
| 082 | 0 | 4 | _a372.35 C67a |
| 100 | 1 |
_aCorrea Barrera Luz Marleny. _936977 |
|
| 245 | 1 | 0 |
_aUn aporte pedagógico para el área científica / _cLuz Marleny Correa Barrera. |
| 260 |
_aBogotá : _bINCI - Instituto Nacional para Ciegos, _c2001. |
||
| 300 | _a89 p. : il. ; 30 cm. | ||
| 490 | _aColección arco iris | ||
| 504 | _aIncluye bibliografía. | ||
| 650 | 1 | 4 |
_aEducación de ciegos _926148 |
| 650 | 1 | 4 |
_aEducación para invidentes _936978 |
| 942 |
_2ddc _cBK |
||
| 949 | _ac n | ||
| 999 |
_c32561 _d32561 |
||